Word Ladder: You Had One Job Quiz Stats

 Plays Quiz Updated Jun 25, 2014

Support Sporcle.
Go Orange.
Score 0/28 Timer 03:00
0 Plays Today
Clue 4-Letter Rung % Correct
Unable to hearDEAF
91.8%
LifelessDEAD
91.7%
Evergreen treePINE
91.5%
Window sectionPANE
91.4%
• • • Head honcho • • •BOSS
87.6%
Business attireSUIT
86.8%
• • • Nine-to-five routine • • •WORK
86%
• • • Put on the payroll • • •HIRE
83.9%
• • • Send packing • • •FIRE
83.7%
• • • Throw in the towel • • •QUIT
82.5%
Brand of speakersBOSE
82.2%
DonnedWORE
81.6%
Table extensionLEAF
81.6%
DefeatLOSS
79.8%
Clue 4-Letter Rung % Correct
Narrow openingSLIT
78.5%
Take shapeFORM
77.5%
Wet blanketBORE
75.6%
Road divisionFORK
75.2%
Not budgingFIRM
74.4%
Whittle downPARE
73.5%
Campus courtyardQUAD
72.1%
Pound sterlingQUID
71.6%
Fabled racerHARE
70.9%
• • • With the first rung, a dismissal notice • • •SLIP
68.2%
Group of twoDUAD
67.8%
More, proverbiallyLESS
66.9%
• • • With the final rung, a dismissal notice • • •PINK
65.9%
Grazing landsLEAS
65.6%

Today's Daily Dose

You're not logged in!

Compare scores with friends on all Sporcle quizzes.
OR
Log In

From the Vault

Click the 'I' Movie Title Character

by ddd62291

So... When they say "I" they're not saying their own names, right?
Remove Ads.
Support Sporcle.
Get the best of Sporcle when you Go Orange. This ad-free experience offers more features, more stats, and more fun while also helping to support Sporcle. Thank you for becoming a member.

Show Comments

Extras

Top Quizzes Today


Score Distribution

Your Account Isn't Verified!

In order to create a playlist on Sporcle, you need to verify the email address you used during registration. Go to your Sporcle Settings to finish the process.

Report this User

Report this user for behavior that violates our Community Guidelines.

Details: